000 00519nam a22002057a 4500
003 OSt
005 20160523184335.0
008 160523b xxu||||| |||| 00| 0 eng d
020 _a0748736348
040 _cDLMN.
082 _aQS4A61a 1998.
100 _aArnould-Taylor,William.
_92406
245 _aA textbook of Anatomy and Physiology.
250 _a3rd ed.
260 _aUK
_bNelson Thorns.
_c1998.
300 _a99p;
_bill;
_c28cm.
504 _aincludes index.
650 _aAnatomy.
_9124
942 _2z
_cO_SHELF
999 _c4127
_d4127